LEADER 00893nam a2200205 i 4500 001 000000171271 003 CaOOAMICUS 005 20080424000000.0 008 080424s1948 it u000 u ita u 013 $a148702 040 $aSeMil$bita 100 1 $aFenelon, François,$c.$0(OLS)http://semarc/name/6914 245 12$aL'educazione delle fanciulle /$cFrançois Fenelon ; a cura di Carlo Caviglione. 260 $aTorino :$bUnione Tipografico-Editrice Torinese,$c1948. 300 $a143 p., [1] p. di ritratto ;$c19 cm. 700 1 $aCaviglione, Carlo.$0(OLS)http://semarc/name/40005 850 $aSeMil 852 $aSeMil$W1$xVenegono$y1$m1W II 131$j122143$B122143$CSeMilBibl$Z2$F133478 $81 996 $6245$aL'educazione delle fanciulle$9(OLS)http://semarc/title/221662 996 $6260$aTorino :$bUnione Tipografico-Editrice Torinese$9(OLS)http://semarc/publisher/29628 LEADER 01135nam a2200229 i 4500 001 000000112871 003 CaOOAMICUS 005 20030305000000.0 008 030305s1950 it u000 u ita u 013 $a85555 040 $aSeMil$bita 245 13$aLa Beata Vincenza Maria Lopez Vicuña, fondatrice delle Figlie di Maria Immacolata per il servizio domestico /$cAngelo Romano di S.T. . 260 $a[Città del Vaticano] :$bTipografia Poliglotta Vaticana,$c1950. 300 $a287 p., [22] c. di tav. :$b[1] ritratto ;$c23 cm + [1] c. di nota. 500 $aFondo Card. C.M. Martini. 600 14$aLópez y Vicuña, Vicenta María .$0(OLS)http://semarc/subject/20372 850 $aSeMil 852 $aSeMil$W1$xVenegono$y1$m3H III 99$j68588$B68588$CSeMilBibl$Z2$F99907 $81 941 1 $a4 961 $aOmaggio: Martini Card. Carlo Maria 996 $6245$aLa Beata Vincenza Maria Lopez Vicuña, fondatrice delle Figlie di Maria Immacolata per il servizio domestico$9(OLS)http://semarc/title/164630 996 $6260$a[Città del Vaticano] :$bTipografia Poliglotta Vaticana$9(OLS)http://semarc/publisher/32047